[Event "COL-ch sf"]
[Site "Pereira"]
[Date "2024.03.27"]
[Round "3"]
[White "Beltran Serna, Ian Samuel"]
[Black "Perez Arroyave, Damian"]
[Result "1/2-1/2"]
[WhiteElo "1703"]
[BlackElo "1861"]
[PlyCount "99"]
[EventDate "2024.03.26"]
[EventType "swiss"]
[EventRounds "11"]
[EventCountry "COL"]
[SourceTitle "CB14_2024"]
[SourceDate "2024.04.01"]
[SourceVersion "1"]
[SourceVersionDate "2024.04.01"]
[SourceQuality "1"]

1. e4 e5 2. Nf3 Nc6 3. Bb5 f5 4. d3 Bc5 5. 0-0 Nf6 6. Bxc6 dxc6 7. Nxe5 fxe4 8. Nc3 exd3 9. Qxd3 Qxd3 10. Nxd3 Bd6 11. Re1+ Kf7 12. Bg5 Bf5 13. Rad1 Rhe8 14. Rxe8 Rxe8 15. h3 Ne4 16. Nxe4 Bxe4 17. Be3 b6 18. f3 Bg6 19. Kf2 c5 20. c3 Kf6 21. Nf4 Bf7 22. Nd5+ Kg6 23. a3 Re5 24. Nf4+ Kf6 25. h4 Bc4 26. g4 Re8 27. Nd5+ Kf7 28. f4 Rd8 29. Bc1 Be7 30. Ne3 Bxh4+ 31. Kg2 Rxd1 32. Nxd1 Be2 33. Ne3 Be7 34. Kf2 Ba6 35. Nd5 Bd6 36. f5 Bb7 37. Nf4 Kf6 38. Ne6 g6 39. Bg5+ Ke5 40. Bf4+ Kf6 41. Bg5+ Ke5 42. Bf4+ Kd5 43. fxg6 hxg6 44. Nxc7+ Bxc7 45. Bxc7 Kc4 46. Ke3 Kb3 47. Bb8 a5 48. Ba7 b5 49. Bxc5 Kxb2 50. Kd4 1/2-1/2

[Event "ARG-ch U18"]
[Site "Ibague"]
[Date "2024.03.17"]
[Round "6"]
[White "Cabiativa, Juan Esteban"]
[Black "Beltran Serna, Ian Samuel"]
[Result "1-0"]
[WhiteElo "2068"]
[BlackElo "1703"]
[PlyCount "139"]
[EventDate "2024.03.14"]
[EventType "swiss"]
[EventRounds "7"]
[EventCountry "COL"]
[SourceTitle "CB12_2024"]
[SourceDate "2023.10.01"]
[SourceVersion "1"]
[SourceVersionDate "2023.10.01"]
[SourceQuality "1"]

1. d4 d5 2. c4 e6 3. Nc3 Nf6 4. cxd5 exd5 5. Bg5 c6 6. e3 Bd6 7. Bd3 0-0 8. Qc2 h6 9. Bh4 a5 10. Nge2 Na6 11. a3 Re8 12. h3 Nc7 13. 0-0 Ne6 14. Rae1 b5 15. f3 Ng5 16. f4 Ne6 17. Ng3 Bf8 18. Qf2 b4 19. axb4 axb4 20. Nce2 Ba6 21. Bb1 c5 22. Nf5 cxd4 23. exd4 g6 24. Nfg3 Ng7 25. Qf3 Bc4 26. Kh1 Qd6 27. Rg1 Ra1 28. b3 Ra3 29. Nc1 Rc8 30. Re3 Bb5 31. Bd3 Bxd3 32. Rxd3 Ra1 33. Nce2 Rxg1+ 34. Kxg1 Re8 35. Re3 Rxe3 36. Qxe3 Nd7 37. Qf3 Nb6 38. Nf1 Nf5 39. Bf2 Qe6 40. g4 Nd6 41. Nfg3 Ne4 42. f5 Qc6 43. fxg6 fxg6 44. Nxe4 dxe4 45. Qe3 Nd7 46. Nf4 g5 47. Nh5 Qe6 48. Ng3 Nb6 49. Qxe4 Qxe4 50. Nxe4 Nd5 51. Bg3 Bg7 52. Bf2 Nc3 53. Ng3 Nd1 54. Nf5 Nxf2 55. Kxf2 Bf8 56. Ke3 Kf7 57. Ke4 Ke6 58. d5+ Kd7 59. Ne3 Ke7 60. Nf5+ Kf6 61. Nd4 Bc5 62. Nc6 Bb6 63. Nxb4 Ke7 64. Nd3 Kd6 65. Ne5 Ke7 66. Nc4 Bc5 67. Kf5 Kf7 68. d6 Bb4 69. Ne5+ Kf8 70. Ke6 1-0

[Event "ARG-ch U18"]
[Site "Ibague"]
[Date "2024.03.16"]
[Round "5"]
[White "Beltran Serna, Ian Samuel"]
[Black "Munoz Triana, Joseph Steve"]
[Result "0-1"]
[WhiteElo "1703"]
[BlackElo "2118"]
[PlyCount "82"]
[EventDate "2024.03.14"]
[EventType "swiss"]
[EventRounds "7"]
[EventCountry "COL"]
[SourceTitle "CB12_2024"]
[SourceDate "2023.10.01"]
[SourceVersion "1"]
[SourceVersionDate "2023.10.01"]
[SourceQuality "1"]

1. e4 c5 2. Nf3 e6 3. d4 cxd4 4. Nxd4 a6 5. Nc3 Qc7 6. g3 Nc6 7. Bg2 Nf6 8. 0-0 Nxd4 9. Qxd4 Bc5 10. Qd3 h6 11. a3 e5 12. b4 Bd4 13. Bb2 d6 14. Nd5 Nxd5 15. Bxd4 Nf6 16. Bb2 Be6 17. Rfd1 Rd8 18. Rd2 0-0 19. Rad1 Rd7 20. f4 Rc8 21. f5 Bc4 22. Qf3 a5 23. h3 axb4 24. axb4 Qb6+ 25. Kh2 Qxb4 26. Ba3 Qb5 27. Bxd6 Rcd8 28. Qe3 Be2 29. Rxe2 Rxd6 30. Red2 Rxd2 31. Rxd2 Rc8 32. g4 Qb4 33. Qd3 Rc3 34. Qd8+ Kh7 35. Re2 Qc4 36. Qd2 b5 37. Qd1 b4 38. Qd2 Ra3 39. Qe1 Ra2 40. Qf2 b3 41. Qe3 Rxc2 0-1

[Event "ARG-ch U18"]
[Site "Ibague"]
[Date "2024.03.15"]
[Round "2"]
[White "Cifuentes Camacho, Miguel Angel"]
[Black "Beltran Serna, Ian Samuel"]
[Result "0-1"]
[WhiteElo "1870"]
[BlackElo "1703"]
[PlyCount "76"]
[EventDate "2024.03.14"]
[EventType "swiss"]
[EventRounds "7"]
[EventCountry "COL"]
[SourceTitle "CB12_2024"]
[SourceDate "2023.10.01"]
[SourceVersion "1"]
[SourceVersionDate "2023.10.01"]
[SourceQuality "1"]

1. d4 d5 2. c4 e6 3. Nc3 Nf6 4. cxd5 exd5 5. Bg5 c6 6. e3 Bd6 7. Bd3 0-0 8. Nge2 Re8 9. Qc2 h6 10. Bh4 a5 11. Bg3 Bf8 12. 0-0 Na6 13. a3 Nc7 14. Na4 Ne6 15. Rfb1 b5 16. Nc5 Nxc5 17. dxc5 a4 18. Nd4 Bd7 19. Bd6 Ne4 20. Bxf8 Kxf8 21. Bxe4 Rxe4 22. b3 f5 23. bxa4 Rxa4 24. Rb4 Ra7 25. Qc3 f4 26. exf4 Qe7 27. Nf3 Rc4 28. Rxc4 dxc4 29. Qd4 Qe6 30. Re1 Qd5 31. Qe3 Kg8 32. Ne5 Bf5 33. g4 Bd3 34. Nxd3 cxd3 35. Qe8+ Kh7 36. f5 Rf7 37. Qe3 Qc4 38. Qe4 d2 0-1

[Event "Bucaramanga op"]
[Site "Bucaramanga"]
[Date "2023.09.09"]
[Round "7"]
[White "Obando Guzman, Soren Federico"]
[Black "Beltran Serna, Ian Samuel"]
[Result "1-0"]
[WhiteElo "2029"]
[BlackElo "1517"]
[PlyCount "69"]
[EventDate "2023.09.06"]
[EventType "swiss"]
[EventRounds "9"]
[EventCountry "COL"]
[SourceTitle "EXT 2024"]
[Source "ChessBase"]
[SourceDate "2023.10.10"]
[SourceVersion "1"]
[SourceVersionDate "2023.10.10"]
[SourceQuality "1"]

1. d4 d5 2. Nc3 Nf6 3. Bf4 Bf5 4. f3 e6 5. g4 Bg6 6. h4 h6 7. e3 Bd6 8. Nge2 c6 9. Qd2 Na6 10. a3 b5 11. Bxd6 Qxd6 12. Nf4 Nc7 13. 0-0-0 b4 14. axb4 Qxb4 15. Nxg6 fxg6 16. Bd3 Kf7 17. g5 Rhb8 18. Qh2 Nfe8 19. Qf4+ Ke7 20. gxh6 Qxb2+ 21. Kd2 Rb3 22. Ne2 Rxd3+ 23. Kxd3 Na6 24. Rc1 Nb4+ 25. Kd2 Nd6 26. hxg7 Na2 27. Rhd1 Nxc1 28. Rxc1 Qb4+ 29. c3 Nc4+ 30. Ke1 Qd6 31. Qg5+ Kf7 32. h5 e5 33. Rb1 Kxg7 34. Rb7+ Kg8 35. Qh6 1-0

[Event "Bucaramanga op"]
[Site "Bucaramanga"]
[Date "2023.09.07"]
[Round "4"]
[White "Beltran Serna, Ian Samuel"]
[Black "Carrero, Oscar David"]
[Result "0-1"]
[WhiteElo "1517"]
[BlackElo "1622"]
[PlyCount "51"]
[EventDate "2023.09.06"]
[EventType "swiss"]
[EventRounds "9"]
[EventCountry "COL"]
[SourceTitle "EXT 2024"]
[Source "ChessBase"]
[SourceDate "2023.10.10"]
[SourceVersion "1"]
[SourceVersionDate "2023.10.10"]
[SourceQuality "1"]

1. e4 c5 2. Nf3 Nc6 3. Bb5 Nd4 4. Nxd4 cxd4 5. 0-0 g6 6. Re1 Bg7 7. e5 Qa5 8. Qe2 a6 9. Bc4 Nh6 10. d3 0-0 11. Bg5 d5 12. Bb3 Ng4 13. Bf4 f6 14. exf6 Rxf6 15. Bd2 Qc7 16. f4 Be6 17. h3 Ne3 18. Bxe3 dxe3 19. Qxe3 Bf7 20. Nc3 Rd8 21. d4 e6 22. Rf1 g5 23. g3 Bh6 24. Nd1 gxf4 25. Rxf4 Rxf4 26. gxf4 0-1

[Event "Ibague Blitz op"]
[Site "Ibague"]
[Date "2022.10.08"]
[Round "9"]
[White "Beltran Serna, Ian Samuel"]
[Black "Cifuentes Camacho, Miguel Angel"]
[Result "0-1"]
[WhiteElo "1494"]
[BlackElo "1573"]
[PlyCount "88"]
[EventDate "2022.10.08"]
[EventType "swiss (blitz)"]
[EventRounds "9"]
[EventCountry "COL"]
[SourceTitle "CBM 210 Extra"]
[Source "ChessBase"]
[SourceDate "2022.11.30"]
[SourceVersion "1"]
[SourceVersionDate "2022.11.30"]
[SourceQuality "1"]

1. e4 c5 2. Nf3 d6 3. d4 cxd4 4. Nxd4 Nf6 5. Nc3 a6 6. Be3 e5 7. Nb3 Be7 8. Nd5 Nxd5 9. exd5 Bf5 10. Bd3 Bg6 11. 0-0 Nd7 12. Qe2 Rc8 13. Rad1 Nf6 14. f4 e4 15. Bc4 Bh5 16. Qf2 Bxd1 17. Bb6 Qd7 18. Na5 Bd8 19. Rxd1 Bxb6 20. Qxb6 0-0 21. Bb3 Rc7 22. Nc4 Qg4 23. c3 Rxc4 24. h3 Qe2 25. Rf1 Rc5 26. Qxd6 Qe3+ 27. Kh1 Rfc8 28. Qe7 Nh5 29. Kh2 Qg3+ 30. Kg1 Qe3+ 31. Kh2 R5c7 32. Qg5 Nf6 33. d6 Rd7 34. Rd1 h6 35. Qf5 Rc6 36. Qe5 Rc5 37. Qd4 Qxf4+ 38. Kh1 Rc6 39. Qa7 Rcxd6 40. Qb8+ Kh7 41. Rg1 Nh5 42. Re1 Ng3+ 43. Kg1 Ne2+ 44. Kh1 Qf2 0-1

[Event "Ibague Blitz op"]
[Site "Ibague"]
[Date "2022.10.08"]
[Round "7"]
[White "Beltran Serna, Ian Samuel"]
[Black "Quevedo Bonilla, Paula Thaliana"]
[Result "1/2-1/2"]
[WhiteElo "1494"]
[BlackElo "1394"]
[PlyCount "102"]
[EventDate "2022.10.08"]
[EventType "swiss (blitz)"]
[EventRounds "9"]
[EventCountry "COL"]
[SourceTitle "CBM 210 Extra"]
[Source "ChessBase"]
[SourceDate "2022.11.30"]
[SourceVersion "1"]
[SourceVersionDate "2022.11.30"]
[SourceQuality "1"]

1. e4 e5 2. Nf3 Nc6 3. Bc4 Nf6 4. 0-0 Be7 5. Re1 0-0 6. Nc3 d6 7. d4 exd4 8. Nxd4 Ne5 9. Bb3 Bg4 10. f3 Bd7 11. Qe2 a5 12. Be3 a4 13. Bc4 c6 14. Rad1 b5 15. Bd3 b4 16. Nb1 c5 17. Nf5 Bxf5 18. exf5 Rc8 19. Be4 Qc7 20. Nd2 Rfd8 21. Nc4 Nxc4 22. Qxc4 d5 23. Bxd5 Nxd5 24. Rxd5 Rxd5 25. Qxd5 Bf6 26. Bxc5 h6 27. Bxb4 Qxc2 28. Qd7 Rd8 29. Re8+ Rxe8 30. Qxe8+ Kh7 31. Bc3 Qxf5 32. Qxa4 Qc5+ 33. Kf1 Bxc3 34. Qc2+ g6 35. Qxc3 Qb5+ 36. Kf2 Qb6+ 37. Kg3 Qd6+ 38. Kh3 Qe6+ 39. g4 Qxa2 40. Qf6 Qc4 41. Qc3 Qf1+ 42. Kg3 Qg1+ 43. Kh3 Qf1+ 44. Kg3 Qg1+ 45. Kf4 Qxh2+ 46. Ke4 Qe2+ 47. Kd4 Qf2+ 48. Ke4 Qe2+ 49. Kf4 Qh2+ 50. Ke3 Qg1+ 51. Ke2 Qf1+ 1/2-1/2

[Event "Ibague Blitz op"]
[Site "Ibague"]
[Date "2022.10.08"]
[Round "8"]
[White "Ladino Hernandez, Angel Joel"]
[Black "Beltran Serna, Ian Samuel"]
[Result "0-1"]
[WhiteElo "1360"]
[BlackElo "1494"]
[PlyCount "68"]
[EventDate "2022.10.08"]
[EventType "swiss (blitz)"]
[EventRounds "9"]
[EventCountry "COL"]
[SourceTitle "CBM 210 Extra"]
[Source "ChessBase"]
[SourceDate "2022.11.30"]
[SourceVersion "1"]
[SourceVersionDate "2022.11.30"]
[SourceQuality "1"]

1. e4 e5 2. Nf3 Nc6 3. Bb5 Bc5 4. 0-0 Nd4 5. Be2 Nf6 6. c3 Nxe2+ 7. Qxe2 d6 8. h3 0-0 9. d3 Re8 10. Be3 Bb6 11. Nbd2 d5 12. exd5 Nxd5 13. Nc4 Nxe3 14. fxe3 f6 15. Nxb6 axb6 16. e4 Qd6 17. Qc2 Be6 18. a3 Rad8 19. Rad1 Qc5+ 20. Kh1 Qb5 21. d4 Bb3 22. Qd2 Bxd1 23. Rxd1 exd4 24. cxd4 Rxe4 25. Qc2 Re2 26. Qxc7 Rde8 27. d5 Rxg2 28. d6 Qe2 29. Re1 Rh2+ 30. Nxh2 Qxe1+ 31. Kg2 Re2+ 32. Kf3 Qf2+ 33. Kg4 Re4+ 34. Kh5 Qf5# 0-1